| 000 | 00411nam a2200169Ia 4500 | ||
|---|---|---|---|
| 008 | 230524s9999 xx 000 0 und d | ||
| 020 | _a9788131700693 | ||
| 082 |
_a5.133 _bMAL |
||
| 100 | _aRajib Mall | ||
| 245 | 0 | _aReal -Time Systems :Theory & Practice | |
| 250 | _a2ND | ||
| 260 |
_aNEW DELHI _bPearson _c2007 |
||
| 300 | _aIX;225 | ||
| 500 | _aQuantity Number: 180 | ||
| 650 | _aComp-Sc | ||
| 942 | _cBK | ||
| 999 |
_c38155 _d38155 |
||